Godzilla Kaijus and Their Ability - Statistics

General Stats
  • This quiz has been taken 246 times
  • The average score is 8 of 9
Answer Stats
Question Answer % Correct
Godzilla's Special Ability Atomic Breath
99%
Kong's Special Ability Axe Attack
96%
Mothra's Special Ability Silk Attack
93%
MUTO's Special Ability EMP
84%
Tiamat's Special Ability Water Manipulation
84%
Mechagodzilla's Special Ability Proton Scream
83%
Ghidorah's Special Ability Gravity Beams
81%
Rodan's Special Ability Thunder Clap
72%
MUTO Prime's Special Ability Sonic Roar
71%
No matching quizzes found
Score Distribution
Percent of People with Each Score
Percentile by Number Answered
Your Score History
You have not taken this quiz